00445nam a2200193Ia 4500003000400000005001700004008004100021020001800062040000700080041000800087082002100095100002000116245002400136250000600160260003700166300001200203365001300215650002300228OSt20230321105614.0210423s2011 xx 000 0 und d a9780071321211 cAL aeng a541.3 223bLEVI aLEVINE (Ira N). aPhysical chemistry. a5 aNew DelhibTata McGrawhillc2011 axxi,991 b525cINR aPhysical Chemistry